000 00582nam a22002177a 4500
003 UA-OsUOA
001 97228
007 ta
008 20130327b un ||||| |||| 00| 0 ukr d
100 _aСавлук С.М.
090 _a330(477)
_bС13
942 _cSA
040 _aUA-OsUOA
_bukr
_cUA-OsUOA
_dUA-OsUOA
245 _aПосилення стабілізації ролі власного капіталу банків
300 _aС.38-47
955 _a0
041 _aukr
080 _a330(477)
773 0 _w97226
650 7 _a330 Економіка взагалі
_2UDC
999 _c383477
_d383477